| 000 | 01416nam a2200409 i 4500 | ||
|---|---|---|---|
| 001 | 11362 | ||
| 003 | KOSZ 005 | ||
| 005 | 20210211091411.0 | ||
| 008 | 071028s1967 pl a f 000 0 pol | ||
| 015 | _aPB 1968/3459 | ||
| 040 |
_aWA N _cWA N _dKOSZ 005/RW _dKOSZ 005/HR |
||
| 046 | _k1967 | ||
| 080 | _a658.56 | ||
| 080 | _a006.3/.8 | ||
| 100 | 1 |
_aCiszak, Janina _eAutor |
|
| 245 | 1 | 0 |
_aStatystyczna kontrola jakości w normach i w praktycznym zastosowaniu / _cJanina Ciszak, Stanisław Czernicki. |
| 250 | _aWyd. 2 popr. i uzup. | ||
| 260 |
_aWarszawa : _bWydawnictwa Normalizacyjne, _c1967. |
||
| 300 |
_a164, [1] s., [8] k. tabl. : _bil. ; _c23 cm. |
||
| 336 |
_2rdacontent _aTekst _btxt |
||
| 337 |
_2rdamedia _aBez urządzenia pośredniczącego _bn |
||
| 338 |
_2rdacarrier _aWolumin _bnc |
||
| 380 | _aKsiążki | ||
| 388 | _a1901-2000 | ||
| 388 | _a1945-1989 | ||
| 490 | 1 |
_aBiblioteka Normalizatora ; _v15. |
|
| 504 | _aBibliogr. s. 164-[165]. | ||
| 650 | 4 | _aJakość produktu | |
| 650 | 4 | _aKontrola jakości | |
| 650 | 4 | _aNormalizacja | |
| 655 | 4 | _aPodręcznik | |
| 700 | 1 |
_aCzernicki, Stanisław _eAutor |
|
| 710 | 2 |
_aWydawnictwa Normalizacyjne _4pbl. |
|
| 830 | 0 |
_aBiblioteka Normalizatora _v15 |
|
| 856 |
_uhttp://koha.tu.koszalin.pl/cgi-bin/koha/opac-detail.pl?biblionumber=11362 _yKatalog online BPK |
||
| 942 |
_2UKD _cKS |
||
| 999 |
_c11362 _d11362 |
||